| 000 | 00503 a2200181 4500 | ||
|---|---|---|---|
| 003 | OSt | ||
| 005 | 20231212093053.0 | ||
| 008 | 231210b |||||||| |||| 00| 0 eng d | ||
| 020 | _a9789354821936 | ||
| 040 | _coclc | ||
| 082 |
_a894.8123 _bMAN/M |
||
| 100 |
_aMangattu, Ajay P _96719 |
||
| 245 |
_aMoonnu Kallukal / _cAjay P. Mangattu |
||
| 250 | _a2nd ed. | ||
| 260 |
_aKottayam: _bD C Books, _c2022. |
||
| 300 | _a288p. | ||
| 942 |
_2ddc _cBK _h894.8123 _iMAN/M _k894.8123 _mMAN/M |
||
| 999 |
_c44061 _d44061 |
||